Fast Typing - Alphabet - Statistics

General Stats
  • This quiz has been taken 93 times
  • The average score is 23 of 26
Answer Stats
Answer % Correct
A
100%
D
98%
B
96%
H
96%
C
94%
E
94%
G
94%
F
92%
K
92%
L
92%
Q
92%
S
92%
I
90%
M
90%
J
88%
N
88%
O
88%
T
88%
P
85%
U
85%
R
81%
V
81%
W
79%
X
75%
Y
73%
Z
69%
No matching quizzes found
Score Distribution
Percent of People with Each Score
Percentile by Number Answered
Your Score History
You have not taken this quiz